Storage and information retrieval system / virtual storage (STAIRS/VS) : Program reference manual /

Saved in:
Bibliographic Details
Corporate Author: International Business Machines Corporation
Format: Book
Language:English
Published: Sindelfingen, Ger. : I.B.M., 1976.
Edition:3d. ed.
Series:International Business Machines Corporation. Program product ; 5740-XRI
Subjects:
LEADER 01130nam a2200265 i 4500
001 c000254938
003 CARM
005 00000000000000.0
008 841001s1976 xx 0 eng d
019 1 |a 9249880  |5 LACONCORD2021 
035 |a (OCoLC)221296391  |5 LACONCORD2021 
082 0 4 |a 029.7 
110 2 |a International Business Machines Corporation. 
245 1 0 |a Storage and information retrieval system / virtual storage (STAIRS/VS) :  |b Program reference manual /  |c I.B.M. 
250 |a 3d. ed. 
260 |a Sindelfingen, Ger. :  |b I.B.M.,  |c 1976. 
300 |a 238 p. :  |b ill. 
490 1 |a International Business Machines Corporation. Program product ;  |v 5740-XRI 
500 |a SH12-5400-2. 
650 0 |a STAIRS (Information retrieval system) 
650 0 |a Information storage and retrieval systems. 
810 2 |a International Business Machines Corporation.  |t Program product ;  |v 5740-XRI. 
852 8 |b CARM  |h A2:AF31H0  |i F01243  |p 0329213  |f BK 
999 f f |i 457fe155-f2c7-50bb-84c3-7a716867d09f  |s 3630abc7-c861-5234-a3a4-251b851364a6 
952 f f |p Can circulate  |a CAVAL  |b CAVAL  |c CAVAL  |d CARM 1 Store  |e F01243  |f A2:AF31H0  |h Other scheme  |i book  |m 0329213